Statistics for Hindi Fruit Words

Click here to take the quiz!

General Stats

  • This quiz has been taken 255 times
  • The average score is 6 of 11

Answer Stats

Hint Answer % Correct
mangoaam
94%
bananakela
87%
grapeangoor
81%
appleseb
78%
tomatotamatar
75%
lemonnimboo
70%
pineappleananas
37%
guavaamrud
29%
orangesantara
25%
watermelontarbooz
9%
peachardu
3%

Score Distribution

Percentile by Number Answered

Percent of People with Each Score

Your Score History

You have not taken this quiz